000
00242nam a22000977a 4500
100
_a
Varshney,Gillesh
_9
79673
245
_a
Bharat Ratan Rajeev Gandhi
260
_a
Delhi
_b
Acient Publication
_c
2018
650
_a
Children Book
_9
79674
942
_c
BK
999
_c
63299
_d
63299